| 000 | 00653cam a22002171 4500 | ||
|---|---|---|---|
| 001 | ca 36000146 | ||
| 003 | DLC | ||
| 005 | 20260227111140.0 | ||
| 008 | 790717s1936 maua 000 0 eng | ||
| 010 | _aca 36000146 | ||
| 035 | _a(OCoLC)5181616 | ||
| 040 |
_aDLC _cOCl _dDLC |
||
| 042 | _apremarc | ||
| 050 | 0 | 0 |
_aPS3521.A7255 _bF3 1936 |
| 082 | _a812.5 | ||
| 100 | 1 |
_aKauffmann, Stanley, _d1916-2013. |
|
| 245 | 1 | 0 |
_aFather spills the beans; _ba comedy in three acts, _cby Stanley Kauffmann. |
| 260 |
_aBoston, Mass., _aLos Angeles, Cal. _b[Walter H. Baker company, _cc1936] |
||
| 300 |
_a71 p. _bdiagr. _c19 cm. |
||
| 490 | 0 | _aBaker's edition of plays | |
| 999 |
_c18006 _d18006 |
||